00820nam a2200265Ia 4500001000600000003000900006008004100015040001300056040001300069041001300082100001800095100002900113245004600142245006000188250001100248260001900259260001300278260004900291300005900340500004800399650002400447650003100471700002400502700002800526 6406IT-RoPAU130308s9999 xx 000 0 und d aIT-RoPAU cIT-RoPAU aITALIANO aCastel Robert gCodice Aut. SPICS: 8323 aAmbizioni estetiche e aspirazioni sociali bFotografia (La)-Usi e Funzioni Sociali di un'arte Media a1a ed. aRIMINI/FIRENZE bGuaraldi c1972 [1° Ed.:1972 - Ed.Ling.Originale:1965] a"28 p. (prefazione: no ; testo: 28 [pagine: 157-184])" aImpazienza dei Limiti Pazienze del Mestiere aSAGGI DI FOTOGRAFIA eCodice materia Spics: 6761 aSchnapper Dominique gCodice Aut. SPICS: 1463